1908 1204 1371 1702 1973 1101 1231 1542 1640 1444 1225 1236 1404 1002 1902 1258 1481 1313 1289 1778 1621 1871 1181 1747 1593 1300 1050 1031 1267 1137 1320 1979 1860 1654 1307 1410 1309 1781 1694 1312 1719 1104 1150 1224 1169 1587 1758 1290 1858 1767 1374 1092 1458 1174 1401 1437 1099 1889 1677 1668 1475 1335 1820 1851 1569 1842 1794 1627 1809 1402 1289 1329 1381 1639 1331 1905 1561 1038 1866 1057 1506 1378 1834 1551 1807 1852 1793 1484 1400 1233 1429 1537 1378 1370 1464 1678 1327 1269 1060 BCNSPRNW ULIB Ver.6.0+V

เปลี่ยนเป็นภาษาไทย

Change to English
 แสดงรายละเอียดบรรณานุกรม
  กลับหน้าหลัก

Brief Record : Get Marc (ISO 2709) : E-mail record : QR code < ปิดหน้าต่าง
LEADER : 00000nam 2200000uu 4500
001    13399108347
003     ULIB
008    110301s2545||||th 000 0 tha d
020    9749087236
060 04 WY105^bก446 2545
245 00 การจัดการทางการพยาบาล :^bกลยุทธ์สู่การปฏิบัติ =^bNursingcase management : strategies and applications /^cบรรณาธิการ, วันเพ็ญ พิชิตพรชัย, อุษาวดี อัศดรวิเศษ
246 31 Nursing case management : strategies and applications
260    กรุงเทพฯ :^bคณะพยาบาลศาสตร์ มหาวิทยาลัยมหิดล,^c2545
300    [7], 148 หน้า ;^c27 ซม.
650  7 การพยาบาล
650  7 ผู้ป่วย^xการดูแล
700 0  วันเพ็ญ พิชิตพรชัย,^eบรรณาธิการ
700 0  อุษาวดี อัศดรวิเศษ
710 2  มหาวิทยาลัยมหิดล. ^bคณะพยาบาลศาสตร์
945    ^p0^l0^i018844
945    ^p0^l0^i017669
995    เกษร
999 ^a ใช้งานได้ทุกระบบ
รายการนี้ยังไม่มีแท็ก
คุณยังไม่ได้ล็อกอิน คุณสามารถมีกิจกรรมร่วมกับเว็บไซต์ได้ แต่ต้องล็อกอินก่อน ::
  ล็อกอิน

รายการสื่อสารสนเทศ

ลำดับที่ ประเภท เลขเรียก/บาร์โค้ด สถานที่ สถานะ
- ไม่พบข้อมูล -

รายการใกล้เคียง
    หัวเรื่อง [การพยาบาล]
    หัวเรื่อง [ผู้ป่วย การดูแล]

BibComment


ยังไม่เคยถูกคอมเมนท์

คอมเมนท์ทรัพยากรรายการนี้
  คอมเมนท์: การจัดการทางการพย..


 Copyright 2026. Bcnsprnw @Library